000
00210 a2200097 4500
001
47431
100
_a
Glubb J
245
_a
War in the desert
260
_a
London
_b
Hodder Stoughton
_c
090
_c
30459
_d
30459
942
_a
NUST-CAE
_c
M
_c
22735
999
_c
282504
_d
282504